000 00731nam a22002177a 4500
003 UA-OsUOA
001 121267
007 ta
008 20170320b un ||||| |||| 00| 0 ukr d
100 _aСюндюков І.
090 _a94(477)
_bС98
942 _cSA
040 _aUA-OsUOA
_bukr
_cUA-OsUOA
_dUA-OsUOA
245 _aРоман Великий, самодержець України-Руси. перший єдиновладний правитель майбутнього королівства Руського: політичний портрет
300 _aС.20
955 _a0
041 _aukr
080 _a94(477)
773 0 _w121266
650 7 _a9 Географія. Біографії. Історія
_2UDC
999 _c407255
_d407255